| 000 | 00735cam a2200193 4500 | ||
|---|---|---|---|
| 001 | WB3715-34 | ||
| 008 | 000000n2001 000 0 eng u | ||
| 035 | _a(Sirsi) u112071 | ||
| 245 | _aAction on possible GM presence | ||
| 260 | _c2001 | ||
| 490 |
_aMAFF Press Release _v(129/01) 12 April 2001, (1) |
||
| 520 | _aDue to two small-scale findings of GM presence in conventional seed of oilseed rape, MAFF is considering taking action to avoid cross-pollination with other sites. Further investigation will be undertaken by the Central Science Laboratory. | ||
| 590 | _aWB | ||
| 650 | _aGENETICALLY MODIFIED ORGANISMS | ||
| 650 | _aGENETICALLY MODIFIED TRIALS | ||
| 650 | _aOILSEED RAPE | ||
| 690 |
_aRural _96268 |
||
| 942 | _n0 | ||
| 999 |
_c66744 _d66744 |
||